000 00574nmm a2200193Ia 4500
008 251105s9999||||xx |||||||||||||||||und||
020 _a9788490655115
041 _aspa
100 _aMartínez Muñoz, Catalina
245 0 _aChristopher Homm
264 _a[Madrid, España] :
_bAlba Editorial,
_c[Fecha de publicación no identificada]
300 _a312 páginas
490 _aRara avis
650 _aEnglish Narrative
700 _aMartínez Muñoz, Catalina
700 1 _a Sisson, C. H.
856 _uhttps://public.digitaliapublishing.com/a/80239
942 _cCF
999 _c68508
_d68508